000 00431nam a2200157Ia 4500
008 230312s9999||||xx |||||||||||||| ||und||
020 _a0-07-255410-x
082 _a339
_bFRA-P
100 _aFrank Robert , H.
245 0 _aPrinciples of Macro Economics
260 _bMcGaw Hill
_aBoston
_c2004
300 _a503
546 _aEng.
650 _aEconomics
_vIntroduction , Economy in Long Run , International Economy
942 _cBK
999 _c2255
_d2255